00300nam a2200133Ia 45000030006000000080041000060400015000471000027000622450025000892500014001142600009001285460012001370050017001490STCL150530s9999 xx 000 0 und d aSTCLcSTCL aThunchathu Ezhuthachan aSree Naha Bhagavatam aFifteenth c2003 aEnglish20220125165354.0